| 000 | 01231nam a2200301 4500 | ||
|---|---|---|---|
| 001 | 0000022961 | ||
| 003 | CO-CtgCURN | ||
| 005 | 20250329191023.0 | ||
| 007 | ta | ||
| 008 | 160627s2005 000 0 eng d | ||
| 020 | _a9583390771 | ||
| 040 |
_aCO-CtgCURN _bspa _ccoctgcurn |
||
| 082 | 0 |
_a658.001 _bE56i |
|
| 110 | 2 | _aAsociacion Colombiana de Facultades de Administración. | |
| 245 | 1 | 0 | _aInvestigaciones en Administración. |
| 260 |
_aBogotá : _bAsociacion Colombiana de Facultades de Administración, _c2005. |
||
| 300 | _a289 p. | ||
| 336 | _2rdacontent | ||
| 337 |
_2rdamedia _asin mediacion _bn |
||
| 338 |
_2rdacarrier _avolumen _bnc |
||
| 500 | _aIncluye indice. | ||
| 505 | 8 | _aMemorias del encuentro nacional de Investigación en administracion.--Acerca de la gestion estrategica de la investigación.--Elementos para un marco conceptual.-- De la concepcion de la disciplina administrativa en Colombia y su manifestacion en hechos particulares como el Ecaes en Administración | |
| 650 | 1 | 4 |
_aAdministración de empresas _vAspectos jurídicos. |
| 710 | 2 | _aAscolfa. | |
| 908 | _a160627 | ||
| 942 |
_cBK _h658.001 _iE56i _2ddc |
||
| 999 |
_c11376 _d11376 |
||